Manual de proyectos de desarrollo económico [primera y segunda parte]
Uloženo v:
| Korporativní autor: | |
|---|---|
| Médium: | Text |
| Vydáno: |
San José:
ITCO. Sección de Publicaciones
|
| Témata: | |
| Tagy: |
Přidat tag
Žádné tagy, Buďte první, kdo vytvoří štítek k tomuto záznamu!
|
MARC
| LEADER | 00000 a a2200000 04500 | ||
|---|---|---|---|
| 001 | 15918 | ||
| 003 | |||
| 040 | |a CRAI/IIS |c CRAI/IIS | ||
| 090 | |a 016200 | ||
| 110 | |a Programa CEPAL/AAT de Capacitación en Materia de Desarrollo Económico | ||
| 245 | |a Manual de proyectos de desarrollo económico [primera y segunda parte] | ||
| 260 | |a San José: |b ITCO. Sección de Publicaciones | ||
| 300 | |a 30 p. | ||
| 650 | |a MANUALES | ||
| 999 | |c 5774 |d 5774 | ||
